000 01639cam a22004457a 4500
003 CHAP
005 20220329142355.0
008 001011d2000 mx ao r 00110 spa d
010 _a82537
011 _a83509
035 _a94022
040 _cCHAP
090 _aTesis
100 0 0 _aFonseca González, Juana.
_942139
245 1 0 _aDescripción y ciclo de vida de la chinche de fresno Tropidosteptes Chapingoensis Carvalho & Rosas (Hemiptera: Miridae)
_c/por Juana Fonseca González.
260 _aChapingo, Méx. :
_bEl autor,
_c2000.
300 _a60 h. :
_bilus., fots., cuads.
502 _aTesis (M. C. en Ciencias Forestales) -- UACH. División de Ciencias Forestales.
590 _aALEPH
_b10
_c20130110
_lUCH01
_h1438
590 _aBATCH-UPD
_b10
_c20130109
_lUCH01
_h2321
590 _aBATCH-UPD
_b10
_c20130110
_lUCH01
_h0032
590 _aBATCH-UPD
_b10
_c20130110
_lUCH01
_h0636
590 _aBATCH-UPD
_b10
_c20130110
_lUCH01
_h2307
590 _aBATCH-UPD
_b10
_c20130409
_lUCH01
_h1844
590 _aBATCH-UPD
_b10
_c20130410
_lUCH01
_h0320
590 _aBATCH-UPD
_b10
_c20130914
_lUCH01
_h1042
590 _aCONVERSION
_b10
_c20130109
_lUCH01
_h1346
650 1 4 _aÁrboles de sombra
_xEnfermedades.
_96666
650 1 4 _aÁrboles
_xPlagas.
_982440
650 1 4 _aControl de plagas.
_927595
650 1 4 _aFraxinus.
_943079
650 1 4 _aInsectos parásitos y predatores.
_958961
650 1 4 _aParasitoides.
_985467
650 1 4 _aTropidosteptes.
_9115321
901 _aBK
905 _aEdna Luz
942 _cFOLL
949 _bBC
_cTES
_d33724000806410
_eTS2
_fc.2
_h37196
_i94022
_si
949 _bBC
_cTES
_d940221
_eTS1
_h37195
_i94022
_sb
999 _c82537
_d82537